Statistics for Sidemen and Beta Squad Members

Click here to take the quiz!

General Stats

  • This quiz has been taken 197 times
    (79 since last reset)
  • The average score is 16 of 20

Answer Stats

HintAnswer% Correct
Beta SquadChunkz
100%
SidemenKSI
100%
SidemenHarry
97%
Beta SquadNiko
97%
MoreHarry Pinero
96%
SidemenTobi
96%
SidemenSimon
94%
Beta SquadAJ
93%
SidemenEthan
91%
Beta SquadKenny
90%
Beta SquadSharky
90%
SidemenVik
90%
SidemenJosh
88%
MoreFilly
84%
MoreDarkest
72%
MoreCalfreezy
50%
MoreCallux
50%
MoreDeji
43%
MoreRandolph
35%
MoreStephen
18%

Score Distribution

Percentile by Number Answered

Percent of People with Each Score

Your Score History

You have not taken this quiz since the last reset